Wage increases and labour productivity in Japanese smaller business
Enregistré dans:
| Auteur principal: | |
|---|---|
| Format: | Livre |
| Langue: | Undetermined |
| Publié: |
Tokyo
Asian Productivity Organization
1970
|
| Sujets: | |
| Tags: |
Ajouter un tag
Pas de tags, Soyez le premier à ajouter un tag!
|
| Thư viện lưu trữ: | Trung tâm Học liệu Trường Đại học Cần Thơ |
|---|
| LEADER | 00490nam a2200169Ia 4500 | ||
|---|---|---|---|
| 001 | CTU_79359 | ||
| 008 | 210402s9999 xx 000 0 und d | ||
| 082 | |a 650 | ||
| 082 | |b O.38 | ||
| 100 | |a Kiyohiko, Ohtake | ||
| 245 | 0 | |a Wage increases and labour productivity in Japanese smaller business | |
| 245 | 0 | |c Kiyohiko Ohtake | |
| 260 | |a Tokyo | ||
| 260 | |b Asian Productivity Organization | ||
| 260 | |c 1970 | ||
| 650 | |a Business | ||
| 980 | |a Trung tâm Học liệu Trường Đại học Cần Thơ | ||